000 01952cam a22004694i 4500
003 PE-LiUPU
005 20250731172951.0
008 150623s1996 miu rb 000 0 eng d
020 _a0801020565
035 _a(Sirsi) i9780801020568
040 _aPE-LiUPU
_bspa
_cPE-LiUPU
_erda
049 _aPRUA
082 0 4 _a241.01
_bR72
_221
245 0 0 _aReadings in Christian ethics :
_bissues and applications /
_ceditado por David K. Clark.
264 1 _aMichigan :
_bBaker Books,
_c1996.
300 _a549 páginas ;
_c23 centímetros
336 _atext
_2rdacontent
337 _aunmediated
_2rdamedia
338 _avolume
_2rdacarrier
504 _aBibliografía al final de cada artículo.
505 0 _aBeginning and ending life: abortion -- Reproductive technologies and genetics -- Euthanasia -- Human sexuality: Sexuality, marriage, and singleness -- Homosexuality -- Divorce and remarriage -- Class relationships: race relations -- Gender issues -- Stewardship of creation: wealth and economics -- Care for the environment -- Law and government: Civil disobedience -- Capital punishment -- Peace and war.
526 _aSEG42
526 _aSEG41
526 _aSEG40
526 _aSEG39
526 _aP94
526 _aP87
526 _aP86
526 _aP85
526 _aP77
526 _aP76
526 _aP35
650 0 4 _aEtica cristiana.
_91047
700 1 _aClark, David K.,
_eed.
700 1 _aRakestraw, Robert V.,
_eed.
942 _2ddc
_cBOOK
949 _a241.01 R72 2
_wDEWEY
_c1
_i44982
_d2015-9-4
_e2015-9-3
_lCCODEBUL1
_mBUL
_n3
_r0
_sY
_tBOOK
_u2015-6-24
_xTEOLOGIA
_PP35
_0COMPRA
_o.STAFF. Colección Teología
994 _aC0
_bPEPRU
596 _a1
999 _a241.01 R72 2
_wDEWEY
_c21858
_i44982
_d21858
_e2015-9-3
_f2021-11-10
_g5
_lCCODEBUL1
_mBUL
_n3
_p30.00
_r0
_sY
_tBOOK
_u2015-6-24
_xTEOLOGIA
_PP35
_0COMPRA
_o.STAFF. Colección Teología
980 _81
_gALBERTO SANCHEZ Responsable de Automatización